000 00645nam a22001937a 4500
005 20170203141249.0
008 121210b hk ||||| |||| 00| 0 chi d
020 _a9789622087736
020 _a9622087736
100 _a嚴鳳山 Yan feng shan Samuel
245 _a追擊瑜伽真相 Zhui ji yujia zhenxiang = The facts on Yoga {ch} /
_c嚴鳳山 Feng shan Yan Samuel
260 _a香港 Hong Kong :
_b天道書樓有限公司,
_c2009.
300 _a160 p. :
_c17 cm.
_bill. ;
490 _a護教叢書 = Apologetics series
490 _aHu jiao chong shu
650 _aYoga {ch}
700 _ayim, Samuel Fungshan
942 _2lcc
_cBK
_03
999 _c29036
_d29036